| 000 | 00744nam a2200253Ia 4500 | ||
|---|---|---|---|
| 003 | GCL | ||
| 008 | 140319s9999 xx 000 0 ara d | ||
| 040 |
_aGCL / _cGCL |
||
| 082 | 0 | 4 |
_a809.84 _bب ر |
| 100 | 1 | _aمحمد مندور | |
| 245 | 1 | 0 |
_aالرؤيا الابداعية / _cمحمد مندور |
| 700 | 1 | _aاسعد حليم | |
| 700 | 1 | _aبلوك، هاسكل | |
| 700 | 1 | _aسالنجر، هيرمان | |
| 300 | _a270 ص | ||
| 490 |
_aالالف كتاب _v0 |
||
| 650 | 0 | 4 | _aالعصر الحديث |
| 650 | 0 | 4 | _aالعصر الحجرى |
| 650 | 0 | 4 | _aالادب الاوربى |
| 650 | 0 | 4 | _aتاريخ ونقد |
| 650 | 0 | 4 | _aالادب - مجموعات |
| 650 | 0 | 4 | _aالمقالات الاوربية |
| 942 |
_2ddc _cBK |
||
| 999 |
_c41018 _d41018 |
||